|
|
|
|
| LEADER |
00000naa2a2200000 4500 |
| 001 |
431632 |
| 005 |
20231101075411.0 |
| 035 |
|
|
|a (RuTPU)RU\TPU\prd\91791
|
| 035 |
|
|
|a RU\TPU\prd\24045
|
| 090 |
|
|
|a 431632
|
| 100 |
|
|
|a 20101202a2004 k y0rusy50 ca
|
| 101 |
0 |
|
|a rus
|
| 102 |
|
|
|a RU
|
| 200 |
1 |
|
|a Механизм межслоевой магнитной связи в наноструктурах типа железо-хром
|f В. Н. Меньшов, В. В. Тугушев
|
| 225 |
1 |
|
|a Твердые тела
|e Электронные свойства
|
| 320 |
|
|
|a Библиогр.: 22 назв.
|
| 461 |
|
1 |
|0 (RuTPU)RU\TPU\prd\1443
|x 0044-4510
|t Журнал экспериментальной и теоретической физики
|l ЖЭТФ
|f Российская академия наук (РАН) ; Отделение физических наук РАН
|d 1931-
|
| 463 |
|
1 |
|0 (RuTPU)RU\TPU\prd\91782
|t Т. 125, вып. 1
|v с. 136-149
|d 2004
|
| 610 |
1 |
|
|a наноструктуры
|
| 610 |
1 |
|
|a железо
|
| 610 |
1 |
|
|a хром
|
| 610 |
1 |
|
|a межслоевая магнитная связь
|
| 610 |
1 |
|
|a слоистые структуры
|
| 610 |
1 |
|
|a шероховатые интерфейсы
|
| 610 |
1 |
|
|a зарядово индуцированные волны
|
| 610 |
1 |
|
|a ферромагнитные слои
|
| 700 |
|
1 |
|a Меньшов
|b В. Н.
|
| 701 |
|
1 |
|a Тугушев
|b В. В.
|
| 801 |
|
1 |
|a RU
|b 63413507
|c 20040318
|g PSBO
|
| 801 |
|
2 |
|a RU
|b 63413507
|c 20101202
|g RCR
|
| 942 |
|
|
|c BK
|